Score 0/12 Timer 04:00
3 Plays Today
Internet Domain Code Country % Correct
.caCanada
86.1%
.qaQatar
82.3%
.paPanama
52.3%
.zaSouth Africa
50.7%
.vaVatican City
46.4%
.naNamibia
45.7%
.laLaos
40.4%
.saSaudi Arabia
35.9%
.gaGabon
31.1%
.uaUkraine
28.1%
.baBosnia and Herzegovina
15.8%
.maMorocco
14.1%

You're not logged in!

Compare scores with friends on all Sporcle quizzes.
OR
Log In

Sporcle TV

Today on Sporcle TV


Watch our educational content, quiz creation guides, and fun videos on Sporcle TV.

Show Comments

Extras

Top Quizzes Today


Score Distribution

Paid Content

Your Account Isn't Verified!

In order to create a playlist on Sporcle, you need to verify the email address you used during registration. Go to your Sporcle Settings to finish the process.

Report this User

Report this user for behavior that violates our Community Guidelines.

Details: